| 000 | 005090000a22001810004500 | ||
|---|---|---|---|
| 003 | MACL | ||
| 005 | 20151028132209.0 | ||
| 008 | 151028b xxu||||| |||| 00| 0 eng d | ||
| 040 |
_aMACL _cMACL |
||
| 041 | _aEnglish | ||
| 082 | _a658.8/KAP | ||
| 100 |
_aKapoor, Jagdeep _917157 |
||
| 245 |
_aBranded Mantras _bFinding A Place In The Minds And Hearts Of Consumers |
||
| 260 |
_bSaga Publication India Pvt.Ltd. _c2001 _aNew Delhi |
||
| 350 | _a195 | ||
| 650 |
_aMarkating _917158 |
||
| 942 |
_cBK _k658.8/KAP _2ddc |
||
| 999 |
_c44334 _d44334 |
||